[Event "SLO Cup final"]
[Site "Rogla"]
[Date "2002.06.08"]
[Round "3"]
[White "Kosir, Dejan"]
[Black "Majcenovic, Martin"]
[Result "0-1"]
[WhiteElo "1500"]
[BlackElo "2083"]
[PlyCount "72"]
[EventDate "2002.06.07"]
[EventType "swiss"]
[EventRounds "5"]
[EventCountry "SLO"]
[SourceTitle "EXT 2008"]
[Source "ChessBase"]
[SourceDate "2007.11.25"]
[SourceVersion "1"]
[SourceVersionDate "2007.11.25"]
[SourceQuality "1"]

1. d4 e6 2. c4 d5 3. Nc3 Nf6 4. Bg5 Nbd7 5. cxd5 exd5 6. e3 c6 7. Bd3 Be7 8. Nge2 0-0 9. 0-0 Re8 10. Qc2 Nf8 11. Rad1 Bg4 12. Rfe1 Bh5 13. Rd2 Bg6 14. Nf4 Bxd3 15. Nxd3 Ne4 16. Bxe7 Qxe7 17. Ree2 Nd7 18. f3 Nxc3 19. bxc3 f5 20. Qb3 Nb6 21. e4 fxe4 22. fxe4 Kh8 23. exd5 Qxe2 24. Rxe2 Rxe2 25. Kf1 Re3 26. Ne5 Rf8+ 27. Nf3 Nxd5 28. Qxb7 Rxc3 29. Ke2 Rc2+ 30. Kd3 Rxa2 31. Qd7 Ra3+ 32. Kd2 Ra2+ 33. Ke1 Rb8 34. Qf5 Ne3 35. Qd3 Nc2+ 36. Kf1 Rb1+ 0-1